| 000 | 01088nas a2200253 i 4500 | ||
|---|---|---|---|
| 005 | 20260317155114.0 | ||
| 007 | ta | ||
| 008 | 260317e1990 dr mn|p|r||||||0| | spa d | ||
| 040 |
_aDO-SdBNP _bspa _cBNPHU _erda |
||
| 041 | _hspa | ||
| 110 |
_aAsociación Dominicana de Zonas Francas Industriales _989226 |
||
| 245 |
_aAdozona : _bórgano de la Asociación Dominicana de Zonas Francas Industriales. |
||
| 264 |
_aSanto Domingo, República Dominicana : _bAsociación Dominicana de Zonas Francas Industriales, _c1990. |
||
| 300 |
_avolumen : _bilustraciones, fotografías, gráficas ; _c28 cm. |
||
| 310 | _aMensual. | ||
| 336 |
_atexto _btxt _2rdacontent |
||
| 337 |
_asin mediación _bn _2rdamedia |
||
| 338 |
_avolumen _bnc _2rdacarrier |
||
| 362 | _aAño 2. Número 3. enero 1990. | ||
| 500 | _aCatalogación basada en el: Año 2. Número 3. enero 1990. | ||
| 650 |
_950645 _aAsociación Dominicana de Zonas Francas Industriales _vPublicaciones periódicas |
||
| 650 | 0 |
_aZonas francas industriales _vPublicaciones periódicas _zRepública Dominicana _99277 |
|
| 942 |
_2ddc _cISSUE |
||
| 999 |
_c60510 _d60510 |
||